000 00720cam a22002534a 4500
008
020 _a9780750681650 (pbk.)
049 _aMAIN
050 0 0 _aTK6600
_bIBR
100 1 _aIbrahim, K. F.
245 1 0 _aNewnes guide to television and video technology /
_cK.F. Ibrahim.
260 _aBoston :
_bElsevier,
_c2007.
300 _axxii, 586 p. :
_bill. ;
_c24 cm.
500 _aIncludes index.
650 0 _aTelevision.
650 0 _aDigital television.
650 0 _aTelevision broadcasting.
650 0 _aTelevision
_xEquipment and supplies.
907 _a.b10282981
_b07-06-12
_c13-09-10
003
005 20230120144452.0
040 _cNUST
942 _cBOOKS
999 _c97404
_d97404